书目信息 |
| 题名: |
初等数学问题选析
|
|
| 作者: | 多洛费也夫 著 ;俞兰芳 , 李鸿祥 译 | |
| 分册: | 下册 | |
| 出版信息: | 上海 上海教育出版社 1983 |
|
| 页数: | 355页 | |
| 开本: | 19cm | |
| 丛书名: | ||
| 单 册: | ||
| 中图分类: | O12 , O12-44 | |
| 科图分类: | ||
| 主题词: | 初等数学--解题 , 初等数学 | |
| 电子资源: | ||
| ISBN: | ||
| 000 | 00806nam0 2200277 45 | |
| 001 | 0183011938 | |
| 005 | 20060524104300.20 | |
| 010 | @dCNY0.96 | |
| 091 | @a7150.2953 | |
| 100 | @a19950525d1983 dm y0chiy0121 ea | |
| 101 | 1 | @achi@crus |
| 102 | @aCN@b310000 | |
| 105 | @ay z 000yy | |
| 200 | 10 | @a初等数学问题选析@Achu deng shu xue wen ti xuan xi@h下册@f(苏)多洛费也夫著@F(su)duo luo fei ye fu zhu@g李鸿祥著@g俞兰芳译 |
| 210 | @a上海@c上海教育出版社@d1983 | |
| 215 | @a355页@d19cm | |
| 606 | @a初等数学@x解题 | |
| 606 | 0 | @a初等数学 |
| 690 | @aO12 | |
| 690 | @aO12-44@v3 | |
| 701 | 0 | @a多洛费也夫@Aduo luo fei ye fu@4著 |
| 702 | 0 | @a俞兰芳@Ayu lan fang@4译 |
| 702 | 0 | @a李鸿祥@Ali hong xiang@4著 |
| 801 | 0 | @aCN@b上海图书馆@c20060524 |
| 801 | 2 | @aCN@bNLC@c20060519 |
| 905 | @dO12@e8:2 | |
| 初等数学问题选析.下册/(苏)多洛费也夫著/李鸿祥著/俞兰芳译.-上海:上海教育出版社,1983 |
| 355页;19cm |
| ISBN :CNY0.96 |
| ● |
| 相关链接 |
|
|
|
|
正题名:初等数学问题选析
索取号:O12/8:2
 
预约/预借
| 序号 | 登录号 | 条形码 | 馆藏地/架位号 | 状态 | 备注 |
| 1 | 0096680 | 202391198 | 密集书库/ [索取号:O12/8:2] | 在馆 | |
| 2 | 0096681 | 202391303 | 密集书库/ [索取号:O12/8:2] | 在馆 | |
| 3 | 0096682 | 202391223 | 密集书库/ [索取号:O12/8:2] | 在馆 | |
| 4 | 0096683 | 001233212 | 第三借阅区/ [索取号:O12/8:2] | 在馆 | |
| 5 | 0096684 | 001233301 | 第二样本阅览室/ [索取号:O12/8:2] | 在馆 | |
| 6 | 0146440 | 001943847 | 第三借阅区/ [索取号:O12/8:2] | 在馆 | |
| 7 | 0146441 | 001233329 | 第三借阅区/ [索取号:O12/8:2] | 在馆 | |
| 8 | 0146442 | 001233310 | 第三借阅区/ [索取号:O12/8:2] | 在馆 | |
| 9 | 0146443 | 001233294 | 第三借阅区/ [索取号:O12/8:2] | 在馆 | |
| 10 | 0177339 | 202360989 | 密集书库/ [索取号:O12/8:2] | 在馆 |